[Event "Bayern-chI Bank Hofmann 11th"]
[Site "Bad Wiessee"]
[Date "2007.11.10"]
[Round "1"]
[White "Kuchling, Gerhard"]
[Black "Kummerow, Heiko"]
[Result "0-1"]
[WhiteElo "1976"]
[BlackElo "2350"]
[PlyCount "86"]
[EventDate "2007.11.10"]
[EventType "swiss"]
[EventRounds "9"]
[EventCountry "GER"]
[SourceTitle "CBM 121 Extra"]
[Source "ChessBase"]
[SourceDate "2008.01.10"]
[SourceVersion "1"]
[SourceVersionDate "2008.01.10"]
[SourceQuality "1"]

1. d4 Nf6 2. c4 g6 3. Nf3 Bg7 4. Nc3 0-0 5. e3 c5 6. d5 d6 7. Be2 e6 8. 0-0 exd5 9. Nxd5 Nxd5 10. Qxd5 Nc6 11. Rd1 Be6 12. Qxd6 Nd4 13. Rxd4 cxd4 14. Qxd8 Rfxd8 15. exd4 Bxd4 16. Nxd4 Rxd4 17. Be3 Rd7 18. b3 f6 19. Re1 Kf7 20. h3 a5 21. a3 Bf5 22. Bf3 Re8 23. g4 Be4 24. Be2 Bd3 25. Bf3 a4 26. Bd1 f5 27. gxf5 Bxf5 28. h4 axb3 29. Bxb3 Rd3 30. Ba4 Ra8 31. Bd1 Rdxa3 32. h5 Ra1 33. Bc5 Rd8 34. Re7+ Kf6 35. Rxb7 Rdxd1+ 36. Kh2 Rh1+ 37. Kg3 Rag1+ 38. Kf3 Rd1 39. hxg6 hxg6 40. Rb6+ Ke5 41. Bb4 Be4+ 42. Ke3 Rh3+ 43. Ke2 Bf3+ 0-1